000 00775cab a2200253 4500
001 WB3518-10
008 090401t1999 xxu||||| |||| 00| 0 eng d
035 _a(Sirsi) u93340
041 _aeng
245 2 _aA serviced office for a day
260 _c1999
350 _a0
490 _aFinancial Times
_v14 May 1999, 32(1)
520 _aLooks at companies' increasing use of outsourcing, particularly the move towards serviced offices. Uses REGUS, the UK-based serviced office provider as an example.
650 _aOFFICE REVOLUTION
650 _aOFFICE SPACE
650 _aOUTSOURCING
650 _aREGUS
650 _aSERVICED OFFICES
650 _aTECHNOLOGICAL REVOLUTION
690 _aCOMMERCIAL PROPERTY-MANAGEMENT
942 _n0
948 _c14/05/1999
999 _c59164
_d59164